<?xml version="1.0" encoding="UTF-8"?><?xml-stylesheet type="text/xsl" href="static/style.xsl"?><OAI-PMH xmlns="http://www.openarchives.org/OAI/2.0/" xmlns:xsi="http://www.w3.org/2001/XMLSchema-instance" xsi:schemaLocation="http://www.openarchives.org/OAI/2.0/ http://www.openarchives.org/OAI/2.0/OAI-PMH.xsd"><responseDate>2026-06-03T22:15:33Z</responseDate><request verb="GetRecord" identifier="oai:riuma.uma.es:10630/26722" metadataPrefix="marc">https://riuma.uma.es/rest/oai/request</request><GetRecord><record><header><identifier>oai:riuma.uma.es:10630/26722</identifier><datestamp>2026-02-03T12:53:19Z</datestamp><setSpec>com_10630_25813</setSpec><setSpec>com_10630_3139</setSpec><setSpec>com_10630_10</setSpec><setSpec>col_10630_25833</setSpec></header><metadata><record xmlns="http://www.loc.gov/MARC21/slim" xmlns:dcterms="http://purl.org/dc/terms/" xmlns:doc="http://www.lyncode.com/xoai" xmlns:xsi="http://www.w3.org/2001/XMLSchema-instance" xsi:schemaLocation="http://www.loc.gov/MARC21/slim http://www.loc.gov/standards/marcxml/schema/MARC21slim.xsd">
   <leader>00925njm 22002777a 4500</leader>
   <datafield ind2=" " ind1=" " tag="042">
      <subfield code="a">dc</subfield>
   </datafield>
   <datafield ind2=" " ind1=" " tag="720">
      <subfield code="a">García-España, Elisa</subfield>
      <subfield code="e">author</subfield>
   </datafield>
   <datafield ind2=" " ind1=" " tag="720">
      <subfield code="a">Benítez-Jiménez, María José</subfield>
      <subfield code="e">author</subfield>
   </datafield>
   <datafield ind2=" " ind1=" " tag="720">
      <subfield code="a">Pérez-Jiménez, María Fátima</subfield>
      <subfield code="e">author</subfield>
   </datafield>
   <datafield ind2=" " ind1=" " tag="260">
      <subfield code="c">2006-10-17</subfield>
   </datafield>
   <datafield ind2=" " ind1=" " tag="520">
      <subfield code="a">El Observatorio de la delincuencia en Andalucía, financiado por la Fundación El Monte, ha realizado una encuesta de victimización en la ciudad de Málaga con el cuestionario propuesto por la UNICRI, International Crime Victims Survey (ICVS) que permite comparaciones a nivel europeo. Este estudio tiene una especial relevancia, porque su contenido también es comparado con la encuesta realizada en 1994 por la sección de Málaga del L.A.I.C. en la provincia, extrayendo sólo los datos referentes a Málaga capital. Los resultados hallados tras pasar la encuesta son de suma trascendencia. No sólo permiten responder a la hipótesis planteada, sino igualmente a otros muchos aspectos de interés.</subfield>
   </datafield>
   <datafield ind1="8" ind2=" " tag="024">
      <subfield code="a">García España, E., Benítez Jiménez, M. J., &amp; Pérez Jiménez, F. (2006). Una encuesta de victimización en Málaga capital. Boletín Criminológico, (12). https://doi.org/10.24310/Boletin-criminologico.2006.v12i.8773</subfield>
   </datafield>
   <datafield ind1="8" ind2=" " tag="024">
      <subfield code="a">https://hdl.handle.net/10630/26722</subfield>
   </datafield>
   <datafield ind1="8" ind2=" " tag="024">
      <subfield code="a">https://doi.org/10.24310/Boletin-criminologico.2006.v12i.8773</subfield>
   </datafield>
   <datafield tag="653" ind2=" " ind1=" ">
      <subfield code="a">Víctimas de delitos</subfield>
   </datafield>
   <datafield ind2="0" ind1="0" tag="245">
      <subfield code="a">Una encuesta de victimización en Málaga capital.</subfield>
   </datafield>
</record>
</metadata></record></GetRecord></OAI-PMH>